| 000 | 00482nam a2200169Ia 4500 | ||
|---|---|---|---|
| 008 | 090201s9999 xx 000 0 und d | ||
| 010 | _aKPL-37652 | ||
| 040 | _bमराठी | ||
| 041 | _aमराठी | ||
| 082 |
_a16232 _b37652 |
||
| 100 | _aअशोक थोरे | ||
| 245 |
_aरिंगण _cअशोक थोरे |
||
| 260 |
_c2004 _bमेघदूत प्रकाशन |
||
| 300 |
_a203 _bमोठा |
||
| 600 | _aरिंगण | ||
| 942 | _cBOOK | ||
| 999 |
_c216280 _d216280 |
||